Cases in finance /

保存先:
書誌詳細
第一著者: Nunnally, Bennie H.
その他の著者: Plath, D. Anthony.
フォーマット: Sách giấy
出版事項: Chicago : Irwin, c1997.
版:2nd ed.
シリーズ:The Irwin series in finance, insurance, and real estate
主題:
オンライン・アクセス:Table of contents
Publisher description
タグ: タグ追加
タグなし, このレコードへの初めてのタグを付けませんか!
Thư viện lưu trữ: Thư viện Trường Đại học Đà Lạt
LEADER 01195nam a2200373 4500
001 DLU030023281
005 ##20020907204639.0
008 ##961106s1997 ilua 000 0 eng
010 # # |a  96217690  
020 # # |a 025615385X 
035 # # |9 (DLC) 96217690 
040 # # |a DLC  |c DLC  |d DLC 
050 # # |a HG4015.5  |b .N86 1997 
082 # # |a 658.15  |b NU-B 
100 # # |a Nunnally, Bennie H. 
245 # # |a Cases in finance /  |c Bennie H. Nunnally, Jr. and D. Anthony Plath. 
250 # # |a 2nd ed. 
260 # # |a Chicago :  |b Irwin,  |c c1997. 
300 # # |a 1 v. (various pagings) :  |b ill. ;  |c 26 cm. 
440 # # |a The Irwin series in finance, insurance, and real estate 
650 # # |a Business enterprises  |x Finance  |x Case studies. 
650 # # |a Corporations  |x Finance  |x Case studies. 
700 # # |a Plath, D. Anthony. 
856 # # |3 Table of contents  |u http://www.loc.gov/catdir/toc/mh022/96217690.html 
856 # # |3 Publisher description  |u http://www.loc.gov/catdir/description/mh022/96217690.html 
992 # # |a 19.95 
994 # # |a DLU 
900 # # |a True 
911 # # |a Phan Ngọc Đông 
925 # # |a G 
926 # # |a A 
927 # # |a SH 
980 # # |a Thư viện Trường Đại học Đà Lạt